[Event "ch-NED w"]
[Site "Eindhoven NED"]
[Date "2010.06.11"]
[Round "1"]
[White "Dirksen, M."]
[Black "Haast, A."]
[Result "0-1"]
[WhiteElo "1976"]
[BlackElo "2220"]
[PlyCount "106"]
[EventDate "2010.06.11"]

1. e4 e5 2. Nf3 Nc6 3. Bb5 a6 4. Ba4 Nf6 5. O-O b5 6. Bb3 Bb7 7. d3 Bd6 8. c3
O-O 9. a4 h6 10. Re1 Re8 11. Nbd2 Bf8 12. Nf1 d5 13. Ng3 dxe4 14. dxe4 Na5 15.
Qxd8 Raxd8 16. Bc2 b4 17. cxb4 Bxb4 18. Re2 Nc6 19. Bd2 Bxd2 20. Rxd2 Nd4 21.
Nxd4 exd4 22. f3 c5 23. Bd3 g6 24. a5 Nd7 25. b4 Rc8 26. bxc5 Nxc5 27. Rb1 Bc6
28. Rb6 Nxd3 29. Rxd3 Red8 30. Rb4 Bb5 31. Rdxd4 Rxd4 32. Rxd4 Rc1+ 33. Kf2
Rc2+ 34. Ke3 Rxg2 35. Rd2 Rg1 36. e5 Re1+ 37. Kf4 Kg7 38. Ne4 Bc6 39. Rd6 g5+
40. Kg3 Bxe4 41. fxe4 Rxe4 42. Rxa6 Rxe5 43. Ra8 Kg6 44. h4 Re3+ 45. Kf2 Ra3
46. hxg5 hxg5 47. a6 Kf5 48. a7 Kg4 49. Ke2 f5 50. Kf2 Kf4 51. Kg2 Ra2+ 52. Kh3
g4+ 53. Kh4 Rh2# 0-1

[Event "ch-NED w"]
[Site "Eindhoven NED"]
[Date "2010.06.11"]
[Round "1"]
[White "Muhren, B."]
[Black "Lanchava, T."]
[Result "1-0"]
[WhiteElo "2295"]
[BlackElo "2364"]
[PlyCount "93"]
[EventDate "2010.06.11"]

1. e4 g6 2. d4 Bg7 3. Nc3 c6 4. Bc4 e6 5. e5 d5 6. exd6 Qxd6 7. Nf3 Nf6 8. O-O
b5 9. Bd3 O-O 10. Bg5 Nbd7 11. Re1 b4 12. Ne2 Bb7 13. Bf4 Qe7 14. Ng3 c5 15.
dxc5 Qxc5 16. a3 Nd5 17. Ne4 Qb6 18. Bd6 Rfd8 19. axb4 Nxb4 20. Be7 Re8 21.
Bxb4 Qxb4 22. c3 Qb6 23. Ra4 a5 24. Qe2 Bc6 25. Raa1 Reb8 26. Rab1 a4 27. Neg5
Bd5 28. Be4 Ra5 29. h4 Nf6 30. Bxd5 Nxd5 31. Qc2 Rb5 32. c4 Qc5 33. Qxa4 Nc3
34. Qa6 Rxb2 35. Rxb2 Rxb2 36. Nh3 Ra2 37. Qb7 Qxc4 38. Nhg5 Ne2+ 39. Rxe2 Ra1+
40. Re1 Rxe1+ 41. Nxe1 e5 42. Qb8+ Bf8 43. Nxh7 Kxh7 44. Qxf8 e4 45. g3 Qb3 46.
Qe7 Qd5 47. Qf6 1-0

[Event "ch-NED w"]
[Site "Eindhoven NED"]
[Date "2010.06.11"]
[Round "1"]
[White "Peng Zhaoqin"]
[Black "Slingerland, C."]
[Result "1-0"]
[WhiteElo "2397"]
[BlackElo "2080"]
[PlyCount "79"]
[EventDate "2010.06.11"]

1. Nf3 d5 2. d4 Nf6 3. c4 e6 4. Bg5 Be7 5. Nc3 O-O 6. e3 h6 7. Bxf6 Bxf6 8.
cxd5 exd5 9. b4 Bg4 10. Be2 Nc6 11. Qb3 Ne7 12. O-O c6 13. b5 Rc8 14. bxc6 bxc6
15. Na4 Ng6 16. Rfc1 Qe7 17. Qc2 Rfe8 18. h3 Be6 19. Rab1 Nh4 20. Rb3 Bf5 21.
Qd1 Red8 22. Nc5 Rc7 23. Bd3 Bc8 24. Rb8 Nxg2 25. Rxc8 Rcxc8 26. Kxg2 Rd6 27.
Rb1 Bg5 28. Ne5 Qf6 29. Rb7 Bh4 30. Rxf7 Qg5+ 31. Qg4 Rb8 32. Qxg5 hxg5 33.
Rxa7 Rf6 34. Ng4 Rxf2+ 35. Nxf2 Rb2 36. Ne6 Bxf2 37. Rxg7+ Kh8 38. Kf3 Be1 39.
Rc7 Rf2+ 40. Kg4 1-0

[Event "ch-NED w"]
[Site "Eindhoven NED"]
[Date "2010.06.12"]
[Round "2"]
[White "Haast, A."]
[Black "Peng Zhaoqin"]
[Result "0-1"]
[WhiteElo "2220"]
[BlackElo "2397"]
[PlyCount "78"]
[EventDate "2010.06.11"]

1. e4 e6 2. d4 d5 3. Nc3 Bb4 4. e5 c5 5. a3 Bxc3+ 6. bxc3 Nc6 7. Qg4 g6 8. Qd1
Qa5 9. Bd2 Bd7 10. Nf3 c4 11. h4 h6 12. g3 O-O-O 13. Bg2 f5 14. O-O Re8 15. a4
Nd8 16. Qc1 Nf7 17. Qa3 Ne7 18. Rfb1 Kb8 19. Bc1 Nc8 20. Nd2 Qc7 21. a5 a6 22.
Rb4 Bb5 23. Qb2 Na7 24. Nb1 g5 25. h5 Ka8 26. Na3 Qd7 27. Rb1 Rc8 28. Qa2 g4
29. Nxb5 Nxb5 30. Rxb5 axb5 31. Rb4 Ka7 32. a6 bxa6 33. Rb1 Ng5 34. Ba3 Ne4 35.
Bxe4 fxe4 36. Bd6 Rh7 37. Qa3 Rf7 38. Ra1 Qc6 39. Qc1 Rh8 0-1

[Event "ch-NED w"]
[Site "Eindhoven NED"]
[Date "2010.06.12"]
[Round "2"]
[White "Muhren, B."]
[Black "Dirksen, M."]
[Result "1/2-1/2"]
[WhiteElo "2295"]
[BlackElo "1976"]
[PlyCount "111"]
[EventDate "2010.06.11"]

1. e4 c5 2. Nf3 d6 3. d4 cxd4 4. Nxd4 Nf6 5. Nc3 a6 6. Bg5 e6 7. f4 Be7 8. Qe2
Nc6 9. O-O-O Qb6 10. Nb3 Qc7 11. g4 b5 12. Bg2 b4 13. Nb1 e5 14. f5 a5 15. Be3
Ba6 16. Qf3 a4 17. Na1 Bc4 18. g5 Nd7 19. f6 gxf6 20. gxf6 Bf8 21. Bf1 Bxa2 22.
Bb5 Be6 23. Rd3 Ra5 24. Bxc6 Qxc6 25. Nd2 Nc5 26. Rd5 Nb3+ 27. Ndxb3 Rxd5 28.
Rg1 Rb5 29. Nd2 b3 30. Nb1 bxc2 31. Nc3 Rb8 32. Nxc2 Qb7 33. Kd2 Qb3 34. Ra1
Rc8 35. Bg5 h6 36. Bh4 h5 37. Bg5 Rg8 38. h4 Rh8 39. Rxa4 Qb6 40. Ra1 Bb3 41.
Qe3 Qxe3+ 42. Nxe3 Bh6 43. Nf5 Bxg5+ 44. hxg5 Kd7 45. Nd5 Bxd5 46. exd5 Ra8 47.
Rh1 Ra5 48. Ne7 h4 49. g6 fxg6 50. Nxg6 Raa8 51. Nxh8 Rxh8 52. Ra1 Kc7 53. Rc1+
Kd7 54. Ra1 Kc7 55. Rc1+ Kd7 56. Ra1 1/2-1/2

[Event "ch-NED w"]
[Site "Eindhoven NED"]
[Date "2010.06.12"]
[Round "2"]
[White "Lanchava, T."]
[Black "Slingerland, C."]
[Result "1-0"]
[WhiteElo "2364"]
[BlackElo "2080"]
[PlyCount "79"]
[EventDate "2010.06.11"]

1. c4 c5 2. Nf3 Nc6 3. b3 d5 4. cxd5 Qxd5 5. Nc3 Qd8 6. Bb2 Nf6 7. g3 e6 8. Bg2
Be7 9. Rc1 O-O 10. O-O Nb4 11. a3 Na6 12. Ne5 Rb8 13. Nb5 Bd7 14. Nxd7 Qxd7 15.
a4 Rbd8 16. d4 b6 17. e3 Nb4 18. Qe2 a6 19. Na3 Qa7 20. Nc4 Rc8 21. Rfd1 Rfd8
22. Qf3 b5 23. axb5 axb5 24. Ra1 Qc7 25. Na3 Rb8 26. Bf1 c4 27. Rdc1 Qd7 28.
bxc4 bxc4 29. Nxc4 Nfd5 30. e4 Nf6 31. g4 h6 32. h4 Nh7 33. Qg3 Nc6 34. Rd1 Nf6
35. Qf3 Qe8 36. d5 Rxb2 37. Nxb2 Ne5 38. Qg3 Nexg4 39. d6 Bf8 40. e5 1-0

[Event "ch-NED w"]
[Site "Eindhoven NED"]
[Date "2010.06.13"]
[Round "3"]
[White "Peng Zhaoqin"]
[Black "Muhren, B."]
[Result "1-0"]
[WhiteElo "2397"]
[BlackElo "2295"]
[PlyCount "63"]
[EventDate "2010.06.11"]

1. d4 d5 2. c4 dxc4 3. Nf3 Nf6 4. e3 e6 5. Bxc4 c5 6. O-O a6 7. Bb3 b5 8. a4 b4
9. e4 Bb7 10. e5 Ne4 11. Be3 Be7 12. Qe2 Nc6 13. Bc2 Na5 14. Rd1 Qc8 15. dxc5
Nxc5 16. Nbd2 b3 17. Bb1 Nd7 18. Bg5 Bd5 19. Be4 Nc5 20. Bxd5 exd5 21. Bxe7
Kxe7 22. Rac1 Ra7 23. Nd4 Rc7 24. Qf3 Rd8 25. Qc3 Ne6 26. Qb4+ Kd7 27. Nf5 Rc5
28. Ne4 Nb7 29. Nxc5+ Nexc5 30. Nd6 Qb8 31. Rxc5 Nxc5 32. Qxc5 1-0

[Event "ch-NED w"]
[Site "Eindhoven NED"]
[Date "2010.06.13"]
[Round "3"]
[White "Slingerland, C."]
[Black "Haast, A."]
[Result "1/2-1/2"]
[WhiteElo "2080"]
[BlackElo "2220"]
[PlyCount "49"]
[EventDate "2010.06.11"]

1. e4 e5 2. Nf3 Nc6 3. d4 exd4 4. Nxd4 Nf6 5. Nc3 Bb4 6. Nxc6 bxc6 7. Bd3 d5 8.
exd5 O-O 9. O-O cxd5 10. Bg5 c6 11. Qf3 Bd6 12. Rae1 Rb8 13. b3 h6 14. Bxf6
Qxf6 15. Qxf6 gxf6 16. Ne2 c5 17. Ng3 Be6 18. Nf5 Bf4 19. g3 c4 20. Ne7+ Kh8
21. gxf4 cxd3 22. f5 Bd7 23. cxd3 Bb5 24. Re3 Rfe8 25. Nxd5 1/2-1/2

[Event "ch-NED w"]
[Site "Eindhoven NED"]
[Date "2010.06.13"]
[Round "3"]
[White "Dirksen, M."]
[Black "Lanchava, T."]
[Result "0-1"]
[WhiteElo "1976"]
[BlackElo "2364"]
[PlyCount "76"]
[EventDate "2010.06.11"]

1. e4 g6 2. d4 Bg7 3. Nc3 c6 4. Be3 b5 5. Bd3 a6 6. h3 d6 7. f4 b4 8. Nce2 Qc7
9. c3 a5 10. Nf3 Nf6 11. c4 Nfd7 12. O-O c5 13. Qd2 cxd4 14. Nexd4 Nc5 15. Bc2
O-O 16. Rad1 Nbd7 17. Nb5 Qb8 18. Bd4 Ba6 19. Bxg7 Kxg7 20. Nfd4 Qb6 21. e5
dxe5 22. fxe5 Bxb5 23. cxb5 Nxe5 24. Kh1 f6 25. Rf4 Nf7 26. Rg4 e6 27. Qe3 Rfe8
28. Re1 Qd6 29. b6 Qxb6 30. Qg3 f5 31. Rh4 Qd6 32. Qe3 g5 33. Bxf5 exf5 34.
Nxf5+ Kg6 35. Qc1 Rxe1+ 36. Qxe1 Kxf5 37. Rxh7 Kg6 38. Qf1 Rf8 0-1

[Event "ch-NED w"]
[Site "Eindhoven NED"]
[Date "2010.06.14"]
[Round "4"]
[White "Slingerland, C."]
[Black "Dirksen, M."]
[Result "1/2-1/2"]
[WhiteElo "2080"]
[BlackElo "1976"]
[PlyCount "43"]
[EventDate "2010.06.11"]

1. e4 c5 2. Nf3 d6 3. d4 cxd4 4. Nxd4 Nf6 5. Nc3 a6 6. f4 e5 7. Nf3 Nbd7 8. Bd3
Be7 9. O-O Qc7 10. Kh1 Nc5 11. Qe1 b6 12. fxe5 dxe5 13. Qg3 Bb7 14. Qxe5 Qxe5
15. Nxe5 Ncxe4 16. Nxe4 Bxe4 17. Bxe4 Nxe4 18. Be3 f6 19. Nc6 Bc5 20. Bxc5 Nxc5
21. Rad1 O-O 22. Rfe1 1/2-1/2

[Event "ch-NED w"]
[Site "Eindhoven NED"]
[Date "2010.06.14"]
[Round "4"]
[White "Peng Zhaoqin"]
[Black "Lanchava, T."]
[Result "1-0"]
[WhiteElo "2397"]
[BlackElo "2364"]
[PlyCount "79"]
[EventDate "2010.06.11"]

1. d4 f5 2. c4 Nf6 3. g3 e6 4. Bg2 Be7 5. Nf3 Ne4 6. O-O b6 7. d5 Bb7 8. Nd4
Qc8 9. Bxe4 fxe4 10. Nc3 O-O 11. Be3 c5 12. Nc2 d6 13. Qd2 Rf5 14. g4 Rf7 15.
h3 Na6 16. Bg5 exd5 17. Bxe7 Rxe7 18. Nxd5 Re5 19. Nce3 Nc7 20. Nxc7 Qxc7 21.
Rad1 Rd8 22. a4 Qf7 23. Qc3 Rg5 24. h4 Rg6 25. Qe5 Qd7 26. Qg3 Qxa4 27. Ra1 Qb3
28. Rxa7 Bc8 29. h5 Rf6 30. Rxg7+ Kh8 31. g5 Re6 32. h6 Qxb2 33. Qf4 Rg8 34.
Rxg8+ Kxg8 35. Ng4 Qxe2 36. Ra1 Bb7 37. Nf6+ Kf7 38. Ra7 Re7 39. Nd5+ Ke8 40.
Nxe7 1-0

[Event "ch-NED w"]
[Site "Eindhoven NED"]
[Date "2010.06.14"]
[Round "4"]
[White "Haast, A."]
[Black "Muhren, B."]
[Result "1/2-1/2"]
[WhiteElo "2220"]
[BlackElo "2295"]
[PlyCount "88"]
[EventDate "2010.06.11"]

1. e4 c5 2. Nf3 Nc6 3. d4 cxd4 4. Nxd4 Nf6 5. Nc3 e5 6. Ndb5 d6 7. Bg5 a6 8.
Na3 b5 9. Nd5 Be7 10. Bxf6 Bxf6 11. c3 O-O 12. Nc2 Bg5 13. a4 bxa4 14. Rxa4 a5
15. h4 Bh6 16. Nce3 Bxe3 17. Nxe3 Ne7 18. Bc4 Rb8 19. b3 Kh8 20. O-O f5 21.
exf5 Nxf5 22. Nxf5 Bxf5 23. Qd5 Bc8 24. Qxa5 Qxh4 25. Qc7 Bb7 26. Bd5 Qd8 27.
Qxd8 Rfxd8 28. Rd1 g6 29. b4 Bxd5 30. Rxd5 Kg7 31. Ra7+ Kf6 32. Rxh7 Ra8 33. f3
Ke6 34. Rd3 d5 35. Rc7 Rdc8 36. Rg7 Rg8 37. Rxg8 Rxg8 38. Kf2 Ra8 39. Rd2 Ra3
40. Rc2 Rb3 41. Ke3 d4+ 42. Ke4 dxc3 43. Kd3 Rxb4 44. Rxc3 Kd5 1/2-1/2

[Event "ch-NED w"]
[Site "Eindhoven NED"]
[Date "2010.06.15"]
[Round "5"]
[White "Muhren, B."]
[Black "Slingerland, C."]
[Result "1/2-1/2"]
[WhiteElo "2295"]
[BlackElo "2080"]
[PlyCount "86"]
[EventDate "2010.06.11"]

1. e4 c5 2. Nf3 Nc6 3. d4 cxd4 4. Nxd4 e5 5. Nb5 d6 6. N1c3 a6 7. Na3 Be6 8.
Nc4 Rc8 9. Ne3 Nf6 10. Bd3 Be7 11. O-O O-O 12. Ncd5 Ne8 13. c3 g6 14. Bc2 Ng7
15. Kh1 Kh8 16. a4 Bg5 17. f4 exf4 18. Nxf4 Bxf4 19. Rxf4 Ne5 20. Nd5 Nh5 21.
Rf1 Ng4 22. Qe1 Bxd5 23. exd5 Re8 24. Qd2 Qh4 25. Qd4+ Kg8 26. Bf4 Nxh2 27. Qf2
Qxf2 28. Rxf2 Ng4 29. Rf3 Nxf4 30. Rxf4 Ne5 31. Rf6 Red8 32. Bb3 Rc7 33. Re1
Ng4 34. Rf4 f5 35. Re6 Kg7 36. Rb4 Nf2+ 37. Kg1 Ne4 38. Rb6 Nc5 39. Re1 Ne4 40.
Bc2 Nf6 41. Bb3 Ne4 42. Bc2 Nf6 43. Bb3 Ne4 1/2-1/2

[Event "ch-NED w"]
[Site "Eindhoven NED"]
[Date "2010.06.15"]
[Round "5"]
[White "Lanchava, T."]
[Black "Haast, A."]
[Result "1/2-1/2"]
[WhiteElo "2364"]
[BlackElo "2220"]
[PlyCount "91"]
[EventDate "2010.06.11"]

1. d4 d5 2. c4 dxc4 3. Nf3 Nf6 4. e3 e6 5. Bxc4 c5 6. O-O a6 7. a4 Nc6 8. Qe2
cxd4 9. Rd1 Be7 10. exd4 O-O 11. Nc3 Nd5 12. h3 b6 13. Qe4 Ncb4 14. Ne5 Bb7 15.
Qg4 Nf6 16. Qe2 Nfd5 17. Ne4 Rc8 18. Ra3 f5 19. Ng3 Bg5 20. Bd2 Bxd2 21. Qxd2
Qh4 22. Ne2 Rc7 23. Rb3 a5 24. Rg3 Rfc8 25. b3 Re7 26. Rg5 Nf6 27. f3 Nc6 28.
Rxf5 Rd8 29. Rf4 Qh6 30. Ng4 Nxg4 31. Rxg4 Qxd2 32. Rxd2 Ne5 33. Rg5 Nxc4 34.
bxc4 e5 35. Rg4 Ba6 36. Rc2 exd4 37. Nxd4 h5 38. Rf4 g5 39. Nc6 Rd1+ 40. Kf2
Rc7 41. Rf6 Kg7 42. Re6 Kf7 43. Rh6 Kg7 44. Re6 Kf7 45. Rh6 Kg7 46. Re6 1/2-1/2

[Event "ch-NED w"]
[Site "Eindhoven NED"]
[Date "2010.06.15"]
[Round "5"]
[White "Dirksen, M."]
[Black "Peng Zhaoqin"]
[Result "0-1"]
[WhiteElo "1976"]
[BlackElo "2397"]
[PlyCount "94"]
[EventDate "2010.06.11"]

1. e4 c5 2. Nf3 Nc6 3. d4 cxd4 4. Nxd4 Qc7 5. Nc3 e6 6. Be3 a6 7. Qd2 Nf6 8.
O-O-O Bb4 9. f3 O-O 10. Nb3 d5 11. a3 Bxc3 12. Qxc3 dxe4 13. Qe1 b6 14. fxe4
Bb7 15. Kb1 Rac8 16. Bd3 Ne5 17. Bd4 Nfd7 18. Qg3 f6 19. Qh3 Rfe8 20. Rhe1 Nxd3
21. cxd3 Bc6 22. Rc1 Qd6 23. Bg1 e5 24. Nd2 Bb5 25. Nc4 Bxc4 26. dxc4 Nc5 27.
Bxc5 Rxc5 28. Red1 Qc6 29. Qd3 Rc8 30. Rc3 Rxc4 31. Rdc1 b5 32. Rxc4 bxc4 33.
Qd5+ Qxd5 34. exd5 Kf7 35. b3 c3 36. Kc2 Ke7 37. Rd1 Kd6 38. b4 f5 39. Rd3 e4
40. Rg3 g6 41. Rh3 Rc7 42. Rxc3 Rxc3+ 43. Kxc3 Kxd5 44. a4 f4 45. a5 g5 46. b5
axb5 47. a6 Kc6 0-1

[Event "ch-NED w"]
[Site "Eindhoven NED"]
[Date "2010.06.16"]
[Round "6"]
[White "Lanchava, T."]
[Black "Muhren, B."]
[Result "1/2-1/2"]
[WhiteElo "2364"]
[BlackElo "2295"]
[PlyCount "138"]
[EventDate "2010.06.11"]

1. Nf3 d5 2. d4 Nf6 3. a3 e6 4. Bg5 Be7 5. Nbd2 Nbd7 6. e3 O-O 7. Bd3 b6 8. c3
Bb7 9. Qb1 h6 10. Bh4 Re8 11. h3 Nf8 12. g4 N6d7 13. Bg3 Bd6 14. Bxd6 cxd6 15.
Nf1 e5 16. N3d2 Qh4 17. Be2 Ne6 18. Ng3 g6 19. Nf3 Qe7 20. Qc1 Ng5 21. Nxg5
hxg5 22. Qd2 Kg7 23. O-O-O Rh8 24. Bf3 e4 25. Be2 Rh4 26. f4 Rah8 27. Bf1 Nf6
28. Rg1 Bc8 29. Qf2 Nh7 30. Kb1 Bd7 31. Qg2 Nf8 32. Qc2 Ne6 33. f5 Nc7 34. Rd2
gxf5 35. Nxf5+ Bxf5 36. gxf5 f6 37. Rf2 Kf7 38. Qa4 a6 39. Qc6 b5 40. b3 Rd8
41. Ka2 Qd7 42. Qb6 Rhh8 43. Rg4 Rb8 44. Qa5 Qc6 45. Rc2 Ne8 46. c4 bxc4 47.
bxc4 Qb7 48. Qxd5+ Qxd5 49. cxd5 Ng7 50. Rc7+ Kg8 51. Rxe4 Nxf5 52. Re6 Rh6 53.
Bd3 Ng7 54. Ree7 Ne8 55. Rc2 Rxh3 56. Bxa6 Kf8 57. Re4 Kf7 58. a4 Ng7 59. Rc7+
Kg6 60. Ree7 Nh5 61. Bd3+ f5 62. Rf7 Rf3 63. e4 Nf4 64. exf5+ Kh5 65. Bc2 Rf2
66. Ka3 Rf3+ 67. Ka2 Rf2 68. Ka3 Rf3+ 69. Ka2 Rf2 1/2-1/2

[Event "ch-NED w"]
[Site "Eindhoven NED"]
[Date "2010.06.16"]
[Round "6"]
[White "Slingerland, C."]
[Black "Peng Zhaoqin"]
[Result "0-1"]
[WhiteElo "2080"]
[BlackElo "2397"]
[PlyCount "82"]
[EventDate "2010.06.11"]

1. e4 Nf6 2. e5 Nd5 3. d4 d6 4. c4 Nb6 5. exd6 cxd6 6. Nc3 g6 7. Be3 Bg7 8. Rc1
O-O 9. b3 Nc6 10. Nf3 e5 11. d5 Ne7 12. Be2 h6 13. O-O Nf5 14. Bd2 Nd7 15. b4
a5 16. a3 axb4 17. axb4 Nf6 18. Qb3 e4 19. Ne1 Nd4 20. Qd1 Re8 21. Be3 Nxe2+
22. Qxe2 Ng4 23. h3 Nxe3 24. Qxe3 Ra3 25. Qd2 Bd7 26. Nd1 b6 27. Ne3 Qg5 28.
Kh1 Be5 29. Rg1 Qh4 30. Qe2 Bxh3 31. g3 Qf6 32. c5 bxc5 33. bxc5 dxc5 34. Rxc5
Bd7 35. N1g2 Rea8 36. Rgc1 Ra2 37. R1c2 Ra1+ 38. Kh2 h5 39. Nc4 Qf5 40. Ne1
Qh3+ 41. Kg1 Bxg3 0-1

[Event "ch-NED w"]
[Site "Eindhoven NED"]
[Date "2010.06.16"]
[Round "6"]
[White "Haast, A."]
[Black "Dirksen, M."]
[Result "1-0"]
[WhiteElo "2220"]
[BlackElo "1976"]
[PlyCount "43"]
[EventDate "2010.06.11"]

1. e4 c5 2. Nf3 d6 3. c3 Nf6 4. Be2 Nc6 5. d4 cxd4 6. cxd4 Nxe4 7. d5 Qa5+ 8.
Nc3 Nxc3 9. bxc3 Ne5 10. Nxe5 Qxc3+ 11. Bd2 Qxe5 12. O-O Bd7 13. Rb1 b6 14. Re1
Qf6 15. Qb3 Qd4 16. Bb5 Qxd2 17. Bxd7+ Kxd7 18. Rbc1 Rc8 19. Qh3+ e6 20. dxe6+
fxe6 21. Qxe6+ Kd8 22. Qe8# 1-0

[Event "ch-NED w"]
[Site "Eindhoven NED"]
[Date "2010.06.17"]
[Round "7"]
[White "Peng Zhaoqin"]
[Black "Haast, A."]
[Result "1/2-1/2"]
[WhiteElo "2397"]
[BlackElo "2220"]
[PlyCount "36"]
[EventDate "2010.06.11"]

1. d4 d5 2. c4 dxc4 3. e3 Nf6 4. Bxc4 e6 5. Nf3 c5 6. O-O a6 7. dxc5 Qxd1 8.
Rxd1 Bxc5 9. Nbd2 O-O 10. Nb3 Be7 11. Bd2 b6 12. Rac1 Bb7 13. Nfd4 Nbd7 14. f3
Rac8 15. e4 Nc5 16. Be3 Rfd8 17. Be2 Nfd7 18. Nxc5 Nxc5 1/2-1/2

[Event "ch-NED w"]
[Site "Eindhoven NED"]
[Date "2010.06.17"]
[Round "7"]
[White "Dirksen, M."]
[Black "Muhren, B."]
[Result "0-1"]
[WhiteElo "1976"]
[BlackElo "2295"]
[PlyCount "134"]
[EventDate "2010.06.11"]

1. e4 c5 2. Nf3 e6 3. d4 cxd4 4. Nxd4 a6 5. Nc3 Qc7 6. a3 Nc6 7. Be3 Nf6 8. Be2
Be7 9. O-O O-O 10. f4 d6 11. Qe1 Nxd4 12. Bxd4 e5 13. Be3 exf4 14. Bxf4 Be6 15.
Kh1 Nd7 16. Nd5 Bxd5 17. exd5 Bf6 18. c3 Be5 19. Rd1 Rae8 20. Qd2 g6 21. Bh6
Bg7 22. Bxg7 Kxg7 23. Rf4 Ne5 24. Rdf1 f5 25. c4 a5 26. b4 axb4 27. axb4 b6 28.
Qd4 Ra8 29. g4 fxg4 30. Bxg4 Qxc4 31. Qxc4 Nxc4 32. Be6 Rxf4 33. Rxf4 Ne5 34.
Kg2 Ra2+ 35. Kg3 Ra3+ 36. Kg2 g5 37. Rf5 h6 38. Rf2 Rb3 39. Ra2 Rxb4 40. Ra8
Rb2+ 41. Kg3 Rb3+ 42. Kg2 Ng6 43. Rd8 Nf4+ 44. Kf2 Kf6 45. Rxd6 Ke5 46. Rc6
Rb2+ 47. Kf3 Rxh2 48. Rxb6 Nxd5 49. Bxd5 Kxd5 50. Rf6 Ke5 51. Rf8 Rh4 52. Kg3
Ke6 53. Rf1 Ke7 54. Rf5 Ra4 55. Rf1 h5 56. Rf5 Rg4+ 57. Kh3 Ke6 58. Rf8 Ra4 59.
Kg3 Ra3+ 60. Kg2 h4 61. Rf1 Ke5 62. Rf8 Ke4 63. Rf7 g4 64. Re7+ Kf5 65. Rf7+
Kg6 66. Rb7 Ra2+ 67. Kg1 h3 0-1

[Event "ch-NED w"]
[Site "Eindhoven NED"]
[Date "2010.06.17"]
[Round "7"]
[White "Slingerland, C."]
[Black "Lanchava, T."]
[Result "0-1"]
[WhiteElo "2080"]
[BlackElo "2364"]
[PlyCount "97"]
[EventDate "2010.06.11"]

1. e4 g6 2. d4 Bg7 3. Nc3 d5 4. h3 c6 5. Nf3 Nh6 6. Bd3 dxe4 7. Nxe4 O-O 8. O-O
b6 9. Bf4 Na6 10. c3 Nc7 11. Re1 f6 12. Qc2 Nf7 13. Rad1 Bd7 14. Qb3 Nd5 15.
Bh2 Bh6 16. c4 Nf4 17. Bf1 Kh8 18. d5 c5 19. Qc3 Rc8 20. b3 a6 21. Ned2 g5 22.
Kh1 Ng6 23. Ng1 Bg7 24. Qc2 f5 25. f4 Nxf4 26. Bxf4 gxf4 27. Ndf3 Bf6 28. Bd3
Nd6 29. Ne2 Ne4 30. Nxf4 Qc7 31. Nh5 Ng3+ 32. Nxg3 Qxg3 33. Rf1 Rg8 34. Qf2 Qg7
35. Rd2 Rcf8 36. Re2 Qh6 37. Rfe1 f4 38. Be4 Rg3 39. d6 exd6 40. Bd5 Bxh3 41.
gxh3 Rxh3+ 42. Nh2 Bd4 43. Qg2 f3 44. Bxf3 Rhxf3 45. Re6 Qh5 46. Re8 Be5 47.
Rxf8+ Rxf8 48. Re2 Bxh2 49. Qxh2 0-1

[Event "ch-NED w"]
[Site "Eindhoven NED"]
[Date "2010.06.18"]
[Round "8"]
[White "Muhren, B."]
[Black "Peng Zhaoqin"]
[Result "1/2-1/2"]
[WhiteElo "2295"]
[BlackElo "2397"]
[PlyCount "78"]
[EventDate "2010.06.11"]

1. e4 e6 2. d4 d5 3. Nd2 dxe4 4. Nxe4 Nd7 5. Nf3 Ngf6 6. Bd3 c5 7. O-O Nxe4 8.
Bxe4 Nf6 9. Bd3 cxd4 10. Bb5+ Bd7 11. Bxd7+ Qxd7 12. Qxd4 Qxd4 13. Nxd4 Rc8 14.
c3 Bc5 15. Nb3 Bb6 16. a4 a5 17. Bf4 Ke7 18. Be5 Rhd8 19. Rfe1 Rd5 20. h3 g5
21. g3 h5 22. Kg2 Nd7 23. Bd4 Rc6 24. Re2 Bxd4 25. Nxd4 Rc4 26. Re3 Re5 27.
Rxe5 Nxe5 28. Ra3 Nd7 29. Rb3 b6 30. Rb5 f6 31. h4 gxh4 32. Rxh5 Rxa4 33. gxh4
e5 34. Rh7+ Kd6 35. Nb5+ Kc6 36. Na7+ Kc7 37. Nb5+ Kc6 38. Na7+ Kc7 39. Nb5+
Kc6 1/2-1/2

[Event "ch-NED w"]
[Site "Eindhoven NED"]
[Date "2010.06.18"]
[Round "8"]
[White "Lanchava, T."]
[Black "Dirksen, M."]
[Result "1-0"]
[WhiteElo "2364"]
[BlackElo "1976"]
[PlyCount "61"]
[EventDate "2010.06.11"]

1. Nf3 d5 2. d4 c6 3. g3 Nf6 4. Nbd2 e6 5. Bg2 Be7 6. O-O O-O 7. c3 b6 8. Ne5
Bb7 9. e4 Nbd7 10. Nxd7 Qxd7 11. e5 Ne8 12. Re1 Ba6 13. Nf3 Qd8 14. h4 g6 15.
Bg5 Ng7 16. Qd2 c5 17. g4 cxd4 18. Bxe7 Qxe7 19. Qh6 g5 20. Nxg5 Bd3 21. Be4
Bxe4 22. Rxe4 Qxg5 23. hxg5 dxe4 24. Kg2 d3 25. Rh1 Rfd8 26. Qxh7+ Kf8 27. Qh8+
Ke7 28. Qxg7 d2 29. Qf6+ Ke8 30. g6 d1=Q 31. Qxf7# 1-0

[Event "ch-NED w"]
[Site "Eindhoven NED"]
[Date "2010.06.18"]
[Round "8"]
[White "Haast, A."]
[Black "Slingerland, C."]
[Result "1/2-1/2"]
[WhiteElo "2220"]
[BlackElo "2080"]
[PlyCount "45"]
[EventDate "2010.06.11"]

1. e4 c5 2. Nf3 Nc6 3. d4 cxd4 4. Nxd4 Nf6 5. Nc3 e6 6. Nxc6 bxc6 7. e5 Nd5 8.
Nxd5 cxd5 9. Bd3 Ba6 10. O-O Bxd3 11. Qxd3 d6 12. Bf4 dxe5 13. Bxe5 f6 14. Bg3
Kf7 15. c4 Bc5 16. Rad1 d4 17. Qe4 a5 18. Rfe1 Qe7 19. Rd3 a4 20. b3 g6 21.
bxa4 Rxa4 22. Rb3 Rd8 23. Rb7 1/2-1/2

[Event "ch-NED w"]
[Site "Eindhoven NED"]
[Date "2010.06.19"]
[Round "9"]
[White "Slingerland, C."]
[Black "Muhren, B."]
[Result "1/2-1/2"]
[WhiteElo "2080"]
[BlackElo "2295"]
[PlyCount "109"]
[EventDate "2010.06.11"]

1. e4 c5 2. Nf3 Nc6 3. d4 cxd4 4. Nxd4 Qb6 5. Nb3 Nf6 6. Nc3 e6 7. Bd3 a6 8.
Qe2 Qc7 9. Bg5 Be7 10. O-O-O b5 11. Rhe1 b4 12. Nb1 d6 13. f4 h6 14. Bh4 g5 15.
fxg5 Nh7 16. N1d2 hxg5 17. Bg3 Nf8 18. h3 Nd7 19. Nc4 Nde5 20. Nxe5 dxe5 21.
Bf2 Bb7 22. Kb1 Na5 23. Nxa5 Qxa5 24. Bc4 Bc6 25. Bg3 Ba4 26. Rf1 Rc8 27. Bd3
Qc5 28. Rc1 Bb5 29. c4 Bd7 30. Bf2 Qa5 31. Be3 f6 32. Qf2 Rb8 33. b3 Qc7 34.
Rc2 Bc6 35. Kb2 Qb7 36. Bc5 Rd8 37. Rd2 O-O 38. Bxe7 Qxe7 39. h4 Qg7 40. Bc2
Rxd2 41. Qxd2 gxh4 42. Rh1 Qg4 43. Qf2 Qf4 44. Qe2 Rd8 45. Rf1 Rd2 46. Qe1 Qg5
47. Kb1 Rxg2 48. Qxb4 Rg1 49. Qb8+ Be8 50. Qxe8+ Kg7 51. Qe7+ Kg6 52. Qe8+ Kg7
53. Qe7+ Kg6 54. Qe8+ Kg7 55. Qe7+ 1/2-1/2

[Event "ch-NED w"]
[Site "Eindhoven NED"]
[Date "2010.06.19"]
[Round "9"]
[White "Peng Zhaoqin"]
[Black "Dirksen, M."]
[Result "1/2-1/2"]
[WhiteElo "2397"]
[BlackElo "1976"]
[PlyCount "60"]
[EventDate "2010.06.11"]

1. d4 d5 2. c4 e6 3. Nf3 c6 4. Nbd2 f5 5. g3 Nf6 6. Bg2 Bd6 7. O-O O-O 8. Ne5
b6 9. b3 Bb7 10. Bb2 Qe7 11. Ndf3 c5 12. e3 Nbd7 13. Qe2 Rac8 14. Rfd1 Rfd8 15.
Rac1 Ba8 16. Nd3 Ne4 17. Nfe5 Bxe5 18. dxe5 dxc4 19. bxc4 Ng5 20. Bxa8 Rxa8 21.
Nf4 Nf8 22. h4 Nf7 23. e4 Rxd1+ 24. Rxd1 fxe4 25. Qxe4 Rd8 26. Ra1 Qd7 27. Bc3
Qa4 28. Qe2 a6 29. Rb1 Rb8 30. Rb2 b5 1/2-1/2

[Event "ch-NED w"]
[Site "Eindhoven NED"]
[Date "2010.06.19"]
[Round "9"]
[White "Haast, A."]
[Black "Lanchava, T."]
[Result "1-0"]
[WhiteElo "2220"]
[BlackElo "2364"]
[PlyCount "135"]
[EventDate "2010.06.11"]

1. e4 g6 2. d4 Bg7 3. Nc3 c6 4. Nf3 d6 5. Be2 Nf6 6. O-O O-O 7. h3 Nbd7 8. e5
Ne8 9. Bc4 d5 10. Bd3 Nc7 11. Ne2 f6 12. exf6 exf6 13. Nf4 f5 14. h4 Bf6 15. g3
Re8 16. h5 Nf8 17. hxg6 hxg6 18. Kg2 Nce6 19. c3 Qe7 20. Rh1 Qg7 21. Nxe6 Nxe6
22. Bh6 Qc7 23. Qd2 c5 24. Bc2 cxd4 25. cxd4 Bd7 26. Bb3 Bc6 27. Rae1 Rad8 28.
Ne5 Nxd4 29. Qxd4 Bxe5 30. Qh4 Kf7 31. Bg5 Rc8 32. Qh7+ Bg7 33. Bh6 Rg8 34. Re6
Kxe6 35. Qxg6+ Bf6 36. Re1+ Kd6 37. Qxf6+ Kc5 38. Rc1+ Kb6 39. Bxd5 Qd7 40.
Qd4+ Kc7 41. Bf4+ Kd8 42. Qf6+ Qe7 43. Qxf5 Rf8 44. Qh5 Be8 45. Bg5 Bxh5 46.
Rxc8+ Kxc8 47. Bxe7 Re8 48. Bf6 b6 49. f3 Kd7 50. g4 Bf7 51. Bxf7 Rf8 52. g5
Rxf7 53. Kg3 Ke6 54. Kg4 Rc7 55. Bc3 Kf7 56. f4 Rc4 57. Kf5 Rc5+ 58. Be5 Rc6
59. Kg4 Rc1 60. f5 Rg1+ 61. Kf4 Rf1+ 62. Ke4 Re1+ 63. Kd5 Rd1+ 64. Bd4 Rd2 65.
g6+ Kg8 66. f6 Rg2 67. Ke6 Rxg6 68. Ke7 1-0